Responses for show #3027 - Tuesday, October 28, 1997

Contestants

Shelley Smith, a video and film editor from New York City, New York

Phil O'Donoghue, an insurance administrator from Baltimore, Maryland

David Morgenstern, a lawyer from Chicago, Illinois (whose 1-day cash winnings total $10,000)

Jeopardy! Round responses

THE COD
MOVIE STARS
STYLE
IT ALL BEGINS WITH "YOU"
BATS
BALLS
    $100 22
(S: What is cod liver oil...the liver?)
(minute to go...)

Liver

Shelley
    $100 1
M*A*S*H

David
    $100 12
Heels

Shelley
    $100 6
"You can't teach an old dog new tricks"

Shelley
    $100 15
Antarctica

Phil
    $100 27
4

David
    $200 23
8,000,000

David
    $200 2
Peter O'Toole

Shelley
    $200 13
Crop top

Shelley
    $200 7
You Only Live Twice

Shelley
    $200 17
Rods

Phil
    $200 24
Tennis

Phil
    $300 28
(P: What is Cape Cod?)
(buzzer sounds)
(Alex: Oh, we won't get a chance to explore those 2 last clues in the category "The Cod", & boy, there are a lot of folks out there who are really disappointed over that!)

Atlantic Ocean

Phil
Triple Stumper
    $300 3
Errol Flynn

Shelley
    $300 14
(S: What is a dark horse?)

Spoiler

DavidShelley
    $300 8
You Are There

Shelley
    $300 21
(S: What are hills?)

Colonies

DavidShelley
    $300 11
Pawn shop

Shelley
    $400 4
Humphrey Bogart (her husband)

David
    $600 19
(Shelley: What is a fedora?)

a pork pie hat

Shelley
    $400 9
"You Really Got Me"

Triple Stumper
    $400 25
(S: What are eyes?)
(D: What are webs?)

Wings

DavidShelley
Triple Stumper
    $400 16
Ball bearings

David
    $500 5
Laurence Fishburne

David
    $500 20
(D: What is satin?)

Chintz

David
Triple Stumper
    $500 10
You Can't Go Home Again

Phil
    $500 26
Nose

Triple Stumper
    $500 18
(P: What is racquetball?)

Squash

PhilShelley

Scores at the first commercial break (after clue 15):

David Phil Shelley
$1,300 $600 $1,400

Scores at the end of the Jeopardy! Round:

David Phil Shelley
$1,400 $200 $700

Double Jeopardy! Round responses

NONFICTION
NORTHERN WATERS
PEOPLE IN HISTORY
'60s TV
"BUT" OF COURSE
L.A.: TROUBLES IN PARADISE
(Alex: But we call it home!)
    $200 25
Kelsey Grammer

Phil
    $200 26
(buzzer sounds)

Texas

Shelley
    $200 2
The Flintstones

Shelley
    $200 7
"But not for me"

Shelley
    $200 12
Santa Ana winds

Phil
    $400 19
Hernando Cortez

David
    $400 3
(Shelley: What's... uh, White Shadow?)
(David: Who is Magilla Gorilla?)

Gentle Ben

DavidShelley
Triple Stumper
    $400 8
"There, but for the grace of God, go I"

Triple Stumper
    $400 18
Los Angeles Times

David
    $600 1
Love

Shelley
    $1,000 15
Vidkun Quisling

Phil
    $500 4
Password

Shelley
    $600 9
(Shelley: What is Anything but the Girl?)

Everything but the Girl

Shelley
Triple Stumper
    $600 20
(Shelley: I don't know.)
...
(Alex: We have less than a minute to go.)

Normandie

Shelley
Triple Stumper
    $800 13
Jane Goodall

Phil
    $800 24
Arctic Ocean

Phil
    $800 16
Benito Mussolini

Phil
    $800 5
(Alex: Correct response was To Catch a Thief.)
[Judges yell "No!"]
(Alex: Oh, that was the movie.)

It Takes a Thief

Triple Stumper
    $800 10
"But, soft! What light through yonder window breaks?"

Shelley
    $800 22
Robert F. Kennedy

Phil
    $1000 14
Embraced by the Light

Triple Stumper
    $1000 23
Baltic Sea

Phil
    $1000 17
South Africa

Shelley
    $1000 6
Peyton Place

Shelley
    $1000 11
"but I just washed my hair"

Shelley
    $1000 21
Zoot suit

Shelley

Scores at the end of the Double Jeopardy! Round:

David Phil Shelley
$1,800 $5,800 $5,600

[wagering suggestions for these scores]

Final Jeopardy! Round responses

20th CENTURY POLITICIANS
DavidWho is George Bush?
$1,800
ShelleyWho is (Johnson) Bush
$5,599
PhilWho is Truman (Coolidge)?
$5,500
George (Herbert Walker) Bush

Final scores:

David Phil Shelley
$3,600 $300 $11,199
2nd place: Sony VAIO Desktop PC & O' Sullivan Computer Workcenter 3rd place: Pair of Daniel Mink Bolero Watches New champion: $11,199

Game dynamics:

Coryat scores:

David Phil Shelley
$1,800 $5,400 $6,300
10 R,
3 W
12 R
(including 1 DD),
2 W
20 R
(including 1 DD),
7 W
(including 1 DD)

Combined Coryat: $13,500

The J! Archive is created by fans, for fans. The Jeopardy! game show and all elements thereof, including but not limited to copyright and trademark thereto, are the property of Jeopardy Productions, Inc. and are protected under law. This website is not affiliated with, sponsored by, or operated by Jeopardy Productions, Inc. Join the discussion at JBoard.tv.